000
00329nam a2200145Ia 4500
005
20251222152045.0
008
251222s9999||||xx |||||||||||||| ||spa||
020
_a
8423976637
082
_a
863.64/G86
100
_a
Guerra Garrido, Raúl
245
0
_a
Tantos Inocentes
250
_a
1ra.ed.
264
_b
Espasa
942
_c
LIB
999
_c
26206
_d
26206